| 000 | 00993cam a22003133a 4500 | ||
|---|---|---|---|
| 001 | 21049 | ||
| 003 | PGUSA | ||
| 005 | 20140828083440.0 | ||
| 008 | 070412s2007||||xxu|||||s|||||000 1 eng d | ||
| 040 |
_aPGUSA _beng |
||
| 042 | _adc | ||
| 050 | 4 | _aPZ | |
| 100 | 1 |
_aGaris, Howard Roger, _d1873-1962 |
|
| 245 | 1 | 4 |
_aThe Curlytops and Their Pets; Or, Uncle Toby's Strange Collection _h[electronic resource] / _cHoward Roger Garis |
| 260 |
_bProject Gutenberg, _c2007 |
||
| 506 | _aPublic domain in the USA. | ||
| 516 | _aElectronic text | ||
| 653 | _aParrots -- Juvenile fiction | ||
| 653 | _aMonkeys -- Juvenile fiction | ||
| 653 | _aDogs -- Juvenile fiction | ||
| 653 | _aReptiles -- Juvenile fiction | ||
| 653 | _aBrothers and sisters -- Juvenile fiction | ||
| 653 | _aPets -- Juvenile fiction | ||
| 653 | _aAlligators -- Juvenile fiction | ||
| 700 | 1 | _aGreene, Julia | |
| 830 | 0 |
_aProject Gutenberg _v21049 |
|
| 856 | 4 | 0 | _uhttp://www.gutenberg.org/ebooks/21049 |
| 942 | _cEB | ||
| 999 |
_c250304 _d250304 |
||